00436nam a2200157Ia 4500008004100000020003300041040001900074041001200093082002300105100001600128245004100144260003500185300002100220650002100241850001600262131103s9999 xx 000 0 und d a978-0-14310-198-7cRs.395.00 aLoreto College aEnglish aF/DESbLCBED/14453 aDesai,Kiran 4aThe Inheritance of losscKiran Desai aNew DelhibPenguin booksc2006 a324 p. c 21 cm. aEnglish fiction  aLCBED/F/DES